Comparing the egyptian code for tunnel lighting with international codes and the recent energy saving practices : (رقم التسجيلة. 165687)
[ عرض عادي ]
| 000 -LEADER | |
|---|---|
| fixed length control field | 03699namaa22004211i 4500 |
| 003 - CONTROL NUMBER IDENTIFIER | |
| control field | OSt |
| 005 - DATE AND TIME OF LATEST TRANSACTION | |
| control field | 20250223033207.0 |
| 008 - FIXED-LENGTH DATA ELEMENTS--GENERAL INFORMATION | |
| fixed length control field | 231113s2022 ua a|||frm||| 000 0 eng d |
| 040 ## - CATALOGING SOURCE | |
| Original cataloging agency | EG-GICUC |
| Language of cataloging | eng |
| Transcribing agency | EG-GICUC |
| Modifying agency | EG-GICUC |
| Description conventions | rda |
| 041 0# - LANGUAGE CODE | |
| Language code of text/sound track or separate title | eng |
| Language code of summary or abstract | eng |
| -- | ara |
| 049 ## - LOCAL HOLDINGS (OCLC) | |
| Holding library | Deposit |
| 082 04 - DEWEY DECIMAL CLASSIFICATION NUMBER | |
| Classification number | 621.31 |
| Edition number | 21 |
| 092 ## - LOCALLY ASSIGNED DEWEY CALL NUMBER (OCLC) | |
| Classification number | 621.31 |
| Edition number | 21 |
| 097 ## - Thesis Degree | |
| Thesis Level | M.Sc |
| 099 ## - LOCAL FREE-TEXT CALL NUMBER (OCLC) | |
| Classification number | Cai01.13.07.M.Sc.2022.Mo.C |
| 100 0# - MAIN ENTRY--PERSONAL NAME | |
| Personal name | Mohamed Abd Elmenem Emam Said, |
| Relator term | preparation. |
| 245 10 - TITLE STATEMENT | |
| Title | Comparing the egyptian code for tunnel lighting with international codes and the recent energy saving practices : |
| Remainder of title | a case study in alazhar tunnel / |
| Statement of responsibility, etc. | by Mohamed Abd Elmenem Emam Said ; under the supervision of Prof. Dr. Hany M. Amin Elghazaly, Prof. Dr. Ahmed Mohamed Ibrahim. |
| 246 15 - VARYING FORM OF TITLE | |
| Title proper/short title | مقارنة الكود المصري لاضاءة الانفاق بالاكواد العالمية و طرق ترشيد الطاقة: تطبيق عملي علي نفق الازهر |
| 264 #0 - PRODUCTION, PUBLICATION, DISTRIBUTION, MANUFACTURE, AND COPYRIGHT NOTICE | |
| Date of production, publication, distribution, manufacture, or copyright notice | 2022. |
| 300 ## - PHYSICAL DESCRIPTION | |
| Extent | 163 pages : |
| Other physical details | illustrations ; |
| Dimensions | 30 cm. + |
| Accompanying material | CD. |
| 336 ## - CONTENT TYPE | |
| Content type term | text |
| Source | rdacontent |
| 337 ## - MEDIA TYPE | |
| Media type term | Unmediated |
| Source | rdamedia |
| 338 ## - CARRIER TYPE | |
| Carrier type term | volume |
| Source | rdacarrier |
| 502 ## - DISSERTATION NOTE | |
| Dissertation note | Thesis (M.Sc.)-Cairo University, 2022. |
| 504 ## - BIBLIOGRAPHY, ETC. NOTE | |
| Bibliography, etc. note | Bibliography: pages 63-66. |
| 520 ## - SUMMARY, ETC. | |
| Summary, etc. | In recent years, road traffic accidents have been a remarkable increase and caused injuries, deaths and disabilities that are a result of a lack of safety items that must be considered. The study aims to compare the Egyptian code and the international codes. The research shows a case study on a long tunnel (Al-Azhar tunnel) and how to be upgraded to high specifications. The study shows a significant reduction in power by 71% in the total current power and 83% after applying the scenarios control method, in addition to improving the visibility conditions by Relux tunnels software. |
| 520 ## - SUMMARY, ETC. | |
| Summary, etc. | في السنوات الأخيرة، شهدت حوادث المرور تزايدا ملحوظا وتسببت في إصابات ووفيات وإعاقات ناتجة من نقص عناصر السلامة التي يجب أخذها في الاعتبار وتتضمن توفير انارة كافية للسائقين والتي تهدف الي تحقيق التباين والمستوي المطلوب من الانارة داخل النفق اللازمة لرؤية جميع العقبات المحتملة.<br/> تهدف الدراسة إلى مقارنة الكود المصري والاكواد العالمية ثم يوضح البحث دراسة وتطبيق عملي على نفق الازهر وهو من الانفاق الطويلة وكيفية اعادة تصميمه وترقيته إلى مواصفات عالية. أظهرت الدراسة ايضا انخفاضًا ملحوظًا في الطاقة بنسبة 71٪ من إجمالي الطاقة الحالية في النفق و 83٪ بعد تطبيق طريقة التحكم عن طريق تغيير المستويات بالإضافة إلى تحسين ظروف الرؤية بواسطة برنامج ريلاكس للانفاق.<br/> |
| 530 ## - ADDITIONAL PHYSICAL FORM AVAILABLE NOTE | |
| Additional physical form available note | Issues also as CD. |
| 546 ## - LANGUAGE NOTE | |
| Language note | Text in English and abstract in Arabic & English. |
| 650 #0 - SUBJECT ADDED ENTRY--TOPICAL TERM | |
| Topical term or geographic name entry element | Electrical engineering. |
| 653 #0 - INDEX TERM--UNCONTROLLED | |
| Uncontrolled term | Black hole |
| -- | Tunnel lighting |
| -- | Egyptian code |
| -- | Al-Azhar Tunnel |
| -- | Lighting Control |
| 700 0# - ADDED ENTRY--PERSONAL NAME | |
| Personal name | Hany M. Amin Elghazaly, |
| Relator term | thesis advisor. |
| 700 0# - ADDED ENTRY--PERSONAL NAME | |
| Personal name | Ahmed Mohamed Ibrahim, |
| Relator term | thesis advisor. |
| 856 ## - ELECTRONIC LOCATION AND ACCESS | |
| Uniform Resource Identifier | <a href="http://172.23.153.220/th.pdf">http://172.23.153.220/th.pdf</a> |
| 900 ## - EQUIVALENCE OR CROSS-REFERENCE-PERSONAL NAME [LOCAL, CANADA] | |
| Numeration | 01-01-2022 |
| Titles and other words associated with a name | Hany M. Amin Elghazaly |
| -- | Ahmed Mohamed Ibrahim |
| Dates associated with a name | Essam Eldin M. Abu Elzahab |
| -- | Mousa Awadallah Abdallah |
| Universities | Cairo University |
| Faculties | Faculty of Engineering |
| Divisons | Department of Electrical Power Engineering |
| 905 ## - LOCAL DATA ELEMENT E, LDE (RLIN) | |
| Cataloger | Asmaa |
| 942 ## - ADDED ENTRY ELEMENTS (KOHA) | |
| Source of classification or shelving scheme | Dewey Decimal Classification |
| Koha item type | Thesis |
| Edition | 21 |
| Suppress in OPAC | No |
| Source of classification or shelving scheme | Not for loan | Home library | Current library | Date acquired | Full call number | Barcode | Date last seen | Koha item type |
|---|---|---|---|---|---|---|---|---|
| Dewey Decimal Classification | Not for loan | المكتبة المركزبة الجديدة - جامعة القاهرة | قاعة الرسائل الجامعية - الدور الاول | 11.02.2024 | Cai01.13.07.M.Sc.2022.Mo.C | 01010110087736000 | 13.11.2023 | Thesis |